The effect of polyamide end-group configuration on morphology and toughness of blends with maleated elastomers (Record no. 70631)

MARC details
000 -LEADER
fixed length control field 00475nam a2200157Ia 4500
100 ## - MAIN ENTRY--AUTHOR NAME
Personal name Oshinski A J
245 #4 - TITLE STATEMENT
Title The effect of polyamide end-group configuration on morphology and toughness of blends with maleated elastomers
260 ## - PUBLICATION, DISTRIBUTION, ETC. (IMPRINT)
Name of publisher Journal of Applied Polymer Science
Year of publication 1996
300 ## - PHYSICAL DESCRIPTION
Number of Pages 623-640
650 ## - SUBJECT ADDED ENTRY--TOPICAL TERM
Topical Term Blends
650 ## - SUBJECT ADDED ENTRY--TOPICAL TERM
Topical Term maleated elastomers
700 ## - ADDED ENTRY--PERSONAL NAME
Personal name Keskkula H
700 ## - ADDED ENTRY--PERSONAL NAME
Personal name Paul D R
942 ## - ADDED ENTRY ELEMENTS (KOHA)
Koha item type Journals
Holdings
Withdrawn status Lost status Damaged status Not for loan Home library Current library Shelving location Date acquired Serial Enumeration / chronology Koha item type
      Journals RRII Library RRII Library Rubber chemistry 17/12/2021 Volume 61, Issue 4 Journals